Tratamieto contable de los sitios Web, ¿estamos los contadores suficientemente informados? (Registro nro. 16799)

Detalles MARC
000 -LEADER
fixed length control field 00389 a2200109 4500
001 - CONTROL NUMBER
control field ART_2589
005 - DATE AND TIME OF LATEST TRANSACTION
control field 20260410161719.0
008 - FIXED-LENGTH DATA ELEMENTS--GENERAL INFORMATION
fixed length control field 260409a
100 1# - MAIN ENTRY--PERSONAL NAME
Personal name Scavone, Graciela María
245 10 - TITLE STATEMENT
Title Tratamieto contable de los sitios Web, ¿estamos los contadores suficientemente informados?
773 0# - HOST ITEM ENTRY
Title Contabilidad y auditoría
Related parts - Año 17, Nº 33 (jun. 2011)
Record control number REV1723

No hay ítems disponibles.